| 000 | 00749nam a2200265Ia 4500 | ||
|---|---|---|---|
| 003 | OSt | ||
| 005 | 20221006153448.0 | ||
| 006 | a|||||r|||| 00| 0 | ||
| 007 | ta | ||
| 008 | 221006b |||||||| |||| 00| 0 chi d | ||
| 020 | _a9860055815 | ||
| 024 | _a32,396 | ||
| 037 |
_bGift, Republic of China _cTextual |
||
| 040 |
_aEASL _cEASL _bchi |
||
| 041 |
_2chi _achi |
||
| 082 | _aV4295:19(zp)n, P6 | ||
| 245 | 0 | _aNational security report 2006 | |
| 250 | _a1st ed. | ||
| 260 |
_aTaiwan _bNational Security Council _c2006 |
||
| 300 |
_a165p. _ccm. |
||
| 650 |
_a Report _9379627 |
||
| 650 |
_aTaiwan-Foreign relation _9664083 |
||
| 942 |
_hV4295:19(zp)n, P6 _cTEXL _2CC |
||
| 999 |
_c1100482 _d1100482 |
||